[Event "Stay Safe Play From Home 284"]
[Site "Emanuel Lasker Arena"]
[Date "2020.07.07"]
[Round "1"]
[White "Broken sword"]
[Black "Cirovicz"]
[Result "1-0"]
[WhiteElo "2483"]
[BlackElo "1917"]
[Annotator "TA"]
[PlyCount "33"]
[EventDate "2020.07.07"]
[EventType "swiss (blitz)"]

{[%evp 9,32,56,96,93,143,145,309,308,29999,326,695,225,309,212,542,267,281,297,329,310,960,946,29998,29999,29999]} 1. e4 e6 2. d4 d6 3. c3 c6 4. Bd3 {[#]} Bd7 $146 ({Predecessor:} 4... a6 5. Ne2 e5 6. O-O Be7 7. f4 {½-½ (7) Markovic,S-Jovanovic,R Nis 2012}) 5. f4 Ne7 6. Nf3 {C01: French: Exchange Variation.} f5 7. Nbd2 fxe4 $2 (7... Nc8 $16 {might work better.} 8. exf5 exf5) 8. Nxe4 $18 {[%cal Re4d6] [#]White has a decisive advantage.} g6 $2 (8... Nf5 $18 9. O-O Bc8) 9. O-O $2 (9. Nxd6# {mates}) 9... Bg7 $2 (9... Nd5 10. Qb3 b6) 10. Bd2 $2 $40 {[%mdl 128] White goes for the king.} (10. Nxd6+ Kf8 11. Nxb7) 10... O-O 11. Qe2 e5 $2 {[#]} (11... Qc7 {is tougher.} 12. Rae1 Na6 13. Bxa6 bxa6 14. Qxa6 Nf5) 12. dxe5 (12. fxe5 $142 dxe5 13. Nxe5) 12... dxe5 13. Nxe5 Bf5 14. Bc4+ Kh8 $2 (14... Nd5 15. Ng5 Na6) 15. Ng5 Bxe5 16. Qxe5+ Rf6 17. Qxf6# {White took control after the opening. Accuracy: White = 29%, Black =  9%.} 1-0

[Event "Stay Safe Play From Home 284"]
[Site "Emanuel Lasker Arena"]
[Date "2020.07.07"]
[Round "1"]
[White "SoulofWolf"]
[Black "Robk"]
[Result "1-0"]
[WhiteElo "2160"]
[BlackElo "1506"]
[PlyCount "71"]
[EventDate "2020.07.07"]
[EventType "swiss (blitz)"]

1. f3 {[%emt 0:00:01]} c5 {[%emt 0:00:06]} 2. e4 {[%emt 0:00:01]} e6 {[%emt 0:00:01]} 3. c4 {[%emt 0:00:02]} Nc6 {[%emt 0:00:00]} 4. Nc3 {[%emt 0:00:01]} d6 {[%emt 0:00:00]} 5. Nge2 {[%emt 0:00:01]} Nf6 {[%emt 0:00:01]} 6. d4 {[%emt 0:00:00]} Be7 {[%emt 0:00:01]} 7. d5 {[%emt 0:00:01]} exd5 {[%emt 0:00:02]} 8. Nxd5 {[%emt 0:00:00]} Nxd5 {[%emt 0:00:02]} 9. cxd5 {[%emt 0:00:01]} Nb8 {[%emt 0:00:00]} 10. Bd2 {[%emt 0:00:02]} Nd7 {[%emt 0:00:01]} 11. Qc2 {[%emt 0:00:00]} O-O {[%emt 0:00:01]} 12. Ng3 {[%emt 0:00:02]} b5 {[%emt 0:00:01]} 13. Bxb5 {[%emt 0:00:01]} Nb6 {[%emt 0:00:02]} 14. Bc6 {[%emt 0:00:01]} Rb8 {[%emt 0:00:02]} 15. O-O {[%emt 0:00:00]} Bb7 {[%emt 0:00:01]} 16. Bb5 {[%emt 0:00:04]} a6 {[%emt 0:00:02]} 17. Be2 {[%emt 0:00:01]} Nd7 {[%emt 0:00:05]} 18. b3 {[%emt 0:00:04]} Ne5 {[%emt 0:00:00]} 19. f4 {[%emt 0:00:01]} Ng6 {[%emt 0:00:02]} 20. Nf5 {[%emt 0:00:02]} Bf6 {[%emt 0:00:03]} 21. Rae1 {[%emt 0:00:04]} h6 {[%emt 0:00:04]} 22. g3 {[%emt 0:00:01]} Ne7 {[%emt 0:00:03]} 23. Ne3 {[%emt 0:00:02]} Nf5 {[%emt 0:00:00]} 24. Nxf5 {[%emt 0:00:02]} Bd4+ {[%emt 0:00:01]} 25. Kg2 {[%emt 0:00:01]} Qf6 {[%emt 0:00:01]} 26. Qd3 {[%emt 0:00:02]} Rbc8 {[%emt 0:00:02]} 27. h3 {[%emt 0:00:05]} Kh8 {[%emt 0:00:02]} 28. g4 {[%emt 0:00:01]} Kg8 {[%emt 0:00:02]} 29. h4 {[%emt 0:00:02]} Qe7 {[%emt 0:00:02]} 30. g5 {[%emt 0:00:01]} hxg5 {[%emt 0:00:02]} 31. hxg5 {[%emt 0:00:00]} Rfe8 {[%emt 0:00:03]} 32. Nxe7+ {[%emt 0:00:01]} Rxe7 {[%emt 0:00:01]} 33. Rh1 {[%emt 0:00:01]} Rxe4 {[%emt 0:00:01]} 34. Qxe4 {[%emt 0:00:01]} Rd8 {[%emt 0:00:02]} 35. Qh7+ {[%emt 0:00:01]} Kf8 {[%emt 0:00:02]} 36. Bg4 {[%emt 0:00:00] Time (Lag: Av=0.50s, max=0.7s)} 1-0

[Event "Stay Safe Play From Home 284"]
[Site "Emanuel Lasker Arena"]
[Date "2020.07.07"]
[Round "1"]
[White "Lazieri3"]
[Black "Bardellosport"]
[Result "1-0"]
[WhiteElo "2082"]
[BlackElo "1980"]
[PlyCount "87"]
[EventDate "2020.07.07"]
[EventType "swiss (blitz)"]

1. e4 {[%emt 0:00:07]} d6 {[%emt 0:00:00]} 2. d4 {[%emt 0:00:01]} Nd7 {[%emt 0:00:01]} 3. f3 {[%emt 0:00:01]} Ngf6 {[%emt 0:00:02]} 4. Be3 {[%emt 0:00:00]} e5 {[%emt 0:00:00]} 5. dxe5 {[%emt 0:00:01]} dxe5 {[%emt 0:00:01]} 6. Nc3 {[%emt 0:00:00]} Be7 {[%emt 0:00:00]} 7. Bc4 {[%emt 0:00:01]} c6 {[%emt 0:00:00]} 8. Nge2 {[%emt 0:00:01]} Qc7 {[%emt 0:00:00]} 9. O-O {[%emt 0:00:01]} Nb6 {[%emt 0:00:00]} 10. Bb3 {[%emt 0:00:01]} Be6 {[%emt 0:00:01]} 11. Na4 {[%emt 0:00:01]} Bxb3 {[%emt 0:00:02]} 12. axb3 {[%emt 0:00:01]} Rd8 {[%emt 0:00:01]} 13. Qe1 {[%emt 0:00:02]} c5 {[%emt 0:00:01]} 14. Nxb6 {[%emt 0:00:02]} axb6 {[%emt 0:00:01]} 15. Nc3 {[%emt 0:00:02]} O-O {[%emt 0:00:02]} 16. Qf2 {[%emt 0:00:01]} Nd7 {[%emt 0:00:02]} 17. Nd5 {[%emt 0:00:02]} Qd6 {[%emt 0:00:03]} 18. Rfd1 {[%emt 0:00:01]} Qe6 {[%emt 0:00:01]} 19. Nc7 {[%emt 0:00:02]} Qg6 {[%emt 0:00:01]} 20. Nd5 {[%emt 0:00:01]} Rfe8 {[%emt 0:00:02]} 21. b4 {[%emt 0:00:02]} Nf8 {[%emt 0:00:03]} 22. bxc5 {[%emt 0:00:02]} Bxc5 {[%emt 0:00:02]} 23. Bxc5 {[%emt 0:00:00]} bxc5 {[%emt 0:00:01]} 24. Qxc5 {[%emt 0:00:00]} Qc6 {[%emt 0:00:03]} 25. Ne7+ {[%emt 0:00:01]} Kh8 {[%emt 0:00:02]} 26. Nxc6 {[%emt 0:00:02]} bxc6 {[%emt 0:00:00]} 27. Rxd8 {[%emt 0:00:02]} Rxd8 {[%emt 0:00:01]} 28. Ra7 {[%emt 0:00:02]} Kg8 {[%emt 0:00:06]} 29. Qe7 {[%emt 0:00:03]} Rd1+ {[%emt 0:00:00]} 30. Kf2 {[%emt 0:00:01]} Rd2+ {[%emt 0:00:04]} 31. Kg3 {[%emt 0:00:01]} Rd7 {[%emt 0:00:06]} 32. Rxd7 {[%emt 0:00:01]} Nxd7 {[%emt 0:00:00]} 33. Qxd7 {[%emt 0:00:01]} h6 {[%emt 0:00:00]} 34. Qxc6 {[%emt 0:00:01]} Kh7 {[%emt 0:00:00]} 35. b4 {[%emt 0:00:01]} f6 {[%emt 0:00:01]} 36. Qd7 {[%emt 0:00:00]} Kg6 {[%emt 0:00:00]} 37. Qf5+ {[%emt 0:00:01]} Kf7 {[%emt 0:00:01]} 38. b5 {[%emt 0:00:00]} Ke7 {[%emt 0:00:00]} 39. b6 {[%emt 0:00:01]} Kd6 {[%emt 0:00:00]} 40. Qc8 {[%emt 0:00:01]} Ke7 {[%emt 0:00:01]} 41. b7 {[%emt 0:00:00]} Kf7 {[%emt 0:00:00]} 42. b8=Q {[%emt 0:00:00]} Kg6 {[%emt 0:00:00]} 43. Qbb7 {[%emt 0:00:00]} f5 {[%emt 0:00:00]} 44. Qxf5# {[%emt 0:00:01] (Lag: Av=0.69s, max=2.0s)} 1-0

[Event "Stay Safe Play From Home 284"]
[Site "Emanuel Lasker Arena"]
[Date "2020.07.07"]
[Round "1"]
[White "Fischer_11"]
[Black "Mepe_Nika"]
[Result "1-0"]
[WhiteElo "2022"]
[BlackElo "2369"]
[Annotator "NA"]
[PlyCount "139"]
[EventDate "2020.07.07"]
[EventType "swiss (blitz)"]

1. e4 {[%emt 0:00:03]} e5 {[%emt 0:00:00]} 2. Nc3 {[%emt 0:00:01]} Nf6 {[%emt 0:00:01]} 3. Bc4 {[%emt 0:00:00]} Nxe4 {[%emt 0:00:01]} 4. Bxf7+ {[%emt 0:00:00]} Kxf7 {[%emt 0:00:01]} 5. Nxe4 {[%emt 0:00:00]} d5 {[%emt 0:00:04]} 6. Qf3+ {[%emt 0:00:00]} Kg8 {[%emt 0:00:03]} 7. Ng5 {[%emt 0:00:01]} Qd7 {[%emt 0:00:06]} 8. d4 {[%emt 0:00:01] Fischer_11 bietet Remis} e4 {[%emt 0:00:02]} 9. Qe2 {[%emt 0:00:01]} Nc6 {[%emt 0:00:01]} 10. c3 {[%emt 0:00:01]} h6 {[%emt 0:00:01]} 11. N5h3 {[%emt 0:00:01]} Qf7 {[%emt 0:00:01]} 12. f3 {[%emt 0:00:01]} Bxh3 {[%emt 0:00:01]} 13. Nxh3 {[%emt 0:00:01]} Re8 {[%emt 0:00:01]} 14. O-O {[%emt 0:00:03]} exf3 {[%emt 0:00:01]} 15. Qxf3 {[%emt 0:00:00]} Qxf3 {[%emt 0:00:01]} 16. Rxf3 {[%emt 0:00:00]} Bd6 {[%emt 0:00:01]} 17. Bf4 {[%emt 0:00:02]} Bxf4 {[%emt 0:00:01]} 18. Nxf4 {[%emt 0:00:00]} Kh7 {[%emt 0:00:00]} 19. Nxd5 {[%emt 0:00:01]} Rc8 {[%emt 0:00:04] Mepe_Nika offers a draw} 20. Re1 {[%emt 0:00:03]} Rhd8 {[%emt 0:00:01]} 21. Ne7 {[%emt 0:00:02]} Rb8 {[%emt 0:00:03]} 22. Nxc6 {[%emt 0:00:01]} bxc6 {[%emt 0:00:00]} 23. b3 {[%emt 0:00:01]} c5 {[%emt 0:00:00]} 24. dxc5 {[%emt 0:00:01]} Rd2 {[%emt 0:00:00]} 25. Rf2 {[%emt 0:00:01]} Rbd8 {[%emt 0:00:02]} 26. Kf1 {[%emt 0:00:02]} R2d3 {[%emt 0:00:01]} 27. Rf3 {[%emt 0:00:02]} Rd2 {[%emt 0:00:00]} 28. Re2 {[%emt 0:00:01]} Rd1+ {[%emt 0:00:01]} 29. Kf2 {[%emt 0:00:01]} Rh1 {[%emt 0:00:00]} 30. h3 {[%emt 0:00:01]} Rdd1 {[%emt 0:00:00]} 31. b4 {[%emt 0:00:01]} Ra1 {[%emt 0:00:01]} 32. Re7 {[%emt 0:00:04]} Rhf1+ {[%emt 0:00:00]} 33. Kg3 {[%emt 0:00:01]} Rxf3+ {[%emt 0:00:01]} 34. Kxf3 {[%emt 0:00:00]} Rc1 {[%emt 0:00:01]} 35. Rxc7 {[%emt 0:00:01]} Rxc3+ {[%emt 0:00:00]} 36. Ke4 {[%emt 0:00:01]} a6 {[%emt 0:00:01]} 37. Kd5 {[%emt 0:00:01]} Rd3+ {[%emt 0:00:01]} 38. Kc4 {[%emt 0:00:01]} Rg3 {[%emt 0:00:00]} 39. a4 {[%emt 0:00:01]} Rxg2 {[%emt 0:00:00]} 40. b5 {[%emt 0:00:01]} axb5+ {[%emt 0:00:02]} 41. axb5 {[%emt 0:00:00]} Rc2+ {[%emt 0:00:01]} 42. Kd5 {[%emt 0:00:01]} Rd2+ {[%emt 0:00:01]} 43. Kc6 {[%emt 0:00:01]} Kg6 {[%emt 0:00:02]} 44. b6 {[%emt 0:00:00]} Rb2 {[%emt 0:00:01]} 45. b7 {[%emt 0:00:00]} Kh5 {[%emt 0:00:01]} 46. Rc8 {[%emt 0:00:00]} g6 {[%emt 0:00:00]} 47. b8=Q {[%emt 0:00:01]} Rxb8 {[%emt 0:00:01]} 48. Rxb8 {[%emt 0:00:00]} g5 {[%emt 0:00:00]} 49. Rh8 {[%emt 0:00:01]} Kh4 {[%emt 0:00:00]} 50. Rxh6+ {[%emt 0:00:01]} Kg3 {[%emt 0:00:00]} 51. Rh8 {[%emt 0:00:00]} g4 {[%emt 0:00:01]} 52. Rg8 {[%emt 0:00:00]} Kxh3 {[%emt 0:00:01]} 53. Rxg4 {[%emt 0:00:00]} Kxg4 {[%emt 0:00:01]} 54. Kb7 {[%emt 0:00:00]} Kf5 {[%emt 0:00:00]} 55. c6 {[%emt 0:00:00]} Ke6 {[%emt 0:00:02]} 56. c7 {[%emt 0:00:00]} Ke7 {[%emt 0:00:00]} 57. c8=Q {[%emt 0:00:00]} Kd6 {[%emt 0:00:00]} 58. Qc7+ {[%emt 0:00:00]} Kd5 {[%emt 0:00:01]} 59. Qc6+ {[%emt 0:00:00]} Kd4 {[%emt 0:00:01]} 60. Kc7 {[%emt 0:00:00]} Ke5 {[%emt 0:00:01]} 61. Kd7 {[%emt 0:00:00]} Kd4 {[%emt 0:00:00]} 62. Qd6+ {[%emt 0:00:00]} Ke4 {[%emt 0:00:01]} 63. Qc5 {[%emt 0:00:00]} Kf4 {[%emt 0:00:00]} 64. Kd6 {[%emt 0:00:00]} Kg4 {[%emt 0:00:00]} 65. Qd5 {[%emt 0:00:00]} Kf4 {[%emt 0:00:00]} 66. Qe5+ {[%emt 0:00:00]} Kg4 {[%emt 0:00:00]} 67. Qf6 {[%emt 0:00:00]} Kh5 {[%emt 0:00:01]} 68. Ke6 {[%emt 0:00:00]} Kg4 {[%emt 0:00:00]} 69. Ke5 {[%emt 0:00:00]} Kh5 {[%emt 0:00:00]} 70. Qg7 {[%emt 0:00:00] Time (Lag: Av=0.39s, max=0.6s)} 1-0

[Event "Stay Safe Play From Home 284"]
[Site "Emanuel Lasker Arena"]
[Date "2020.07.07"]
[Round "1"]
[White "Haxhi Baha"]
[Black "Justwatch"]
[Result "1-0"]
[WhiteElo "2019"]
[BlackElo "1698"]
[PlyCount "49"]
[EventDate "2020.07.07"]
[EventType "swiss (blitz)"]

1. e4 {[%emt 0:00:01]} Nf6 {[%emt 0:00:01]} 2. e5 {[%emt 0:00:01]} Nd5 {[%emt 0:00:01]} 3. c4 {[%emt 0:00:00]} Nb4 {[%emt 0:00:01]} 4. d4 {[%emt 0:00:00]} N4c6 {[%emt 0:00:00]} 5. f4 {[%emt 0:00:02]} d6 {[%emt 0:00:00]} 6. d5 {[%emt 0:00:00]} dxe5 {[%emt 0:00:01]} 7. dxc6 {[%emt 0:00:01]} Qxd1+ {[%emt 0:00:00]} 8. Kxd1 {[%emt 0:00:00]} Nxc6 {[%emt 0:00:00]} 9. Nf3 {[%emt 0:00:01]} Bg4 {[%emt 0:00:01]} 10. Be2 {[%emt 0:00:01]} Bxf3 {[%emt 0:00:00]} 11. Bxf3 {[%emt 0:00:01]} exf4 {[%emt 0:00:01]} 12. Bxc6+ {[%emt 0:00:04]} bxc6 {[%emt 0:00:04]} 13. Bxf4 {[%emt 0:00:00]} O-O-O+ {[%emt 0:00:00]} 14. Kc2 {[%emt 0:00:01]} f6 {[%emt 0:00:00]} 15. Be3 {[%emt 0:00:03]} e5 {[%emt 0:00:00]} 16. Bxa7 {[%emt 0:00:01]} Bb4 {[%emt 0:00:02]} 17. a3 {[%emt 0:00:01]} Ba5 {[%emt 0:00:01]} 18. b4 {[%emt 0:00:01]} Bb6 {[%emt 0:00:00]} 19. Bxb6 {[%emt 0:00:01]} cxb6 {[%emt 0:00:00]} 20. Nc3 {[%emt 0:00:00]} Rd4 {[%emt 0:00:02]} 21. Kb3 {[%emt 0:00:03]} Rhd8 {[%emt 0:00:02]} 22. Rad1 {[%emt 0:00:02]} Rxd1 {[%emt 0:00:01]} 23. Rxd1 {[%emt 0:00:00]} Rxd1 {[%emt 0:00:00]} 24. Nxd1 {[%emt 0:00:00]} Kc7 {[%emt 0:00:00] Justwatch terk eder} 25. Ne3 {[%emt 0:00:01] (Lag: Av=0.78s, max=1.9s)} 1-0

[Event "Stay Safe Play From Home 284"]
[Site "Emanuel Lasker Arena"]
[Date "2020.07.07"]
[Round "1"]
[White "Ironmike"]
[Black "Mandy"]
[Result "1-0"]
[WhiteElo "1966"]
[BlackElo "921"]
[PlyCount "35"]
[EventDate "2020.07.07"]
[EventType "swiss (blitz)"]
[WhiteTeam "SV Horst-Emscher I"]

{Dönges, Dirk (1820)} 1. e4 {[%emt 0:00:00]} c6 {[%emt 0:00:03]} 2. Nf3 {[%emt 0:00:01]} d5 {[%emt 0:00:01]} 3. exd5 {[%emt 0:00:01]} cxd5 {[%emt 0:00:02]} 4. d4 {[%emt 0:00:00]} Nf6 {[%emt 0:00:02]} 5. Bb5+ {[%emt 0:00:02]} Nbd7 {[%emt 0:00:03]} 6. Ne5 {[%emt 0:00:01]} a6 {[%emt 0:00:01]} 7. Ba4 {[%emt 0:00:02]} b5 {[%emt 0:00:02]} 8. Nxd7 {[%emt 0:00:01]} Bxd7 {[%emt 0:00:04]} 9. Bb3 {[%emt 0:00:01]} e6 {[%emt 0:00:04]} 10. c3 {[%emt 0:00:01]} g6 {[%emt 0:00:03]} 11. Bg5 {[%emt 0:00:01]} Be7 {[%emt 0:00:02]} 12. Nd2 {[%emt 0:00:01]} O-O {[%emt 0:00:03]} 13. O-O {[%emt 0:00:00]} h6 {[%emt 0:00:01]} 14. Bh4 {[%emt 0:00:01]} g5 {[%emt 0:00:02]} 15. Bg3 {[%emt 0:00:01]} Qc7 {[%emt 0:00:12]} 16. Bxc7 {[%emt 0:00:05]} Rac8 {[%emt 0:00:06]} 17. Be5 {[%emt 0:00:01]} Ne4 {[%emt 0:00:08]} 18. Nxe4 {[%emt 0:00:01] Zeit (Lag: Av=0.48s, max=1.1s)} 1-0

[Event "Stay Safe Play From Home 284"]
[Site "Emanuel Lasker Arena"]
[Date "2020.07.07"]
[Round "1"]
[White "Trotsky"]
[Black "Sfantul321"]
[Result "0-1"]
[WhiteElo "1634"]
[BlackElo "2037"]
[Annotator "NA"]
[PlyCount "48"]
[EventDate "2020.07.07"]
[EventType "swiss (blitz)"]

1. d4 {[%emt 0:00:03]} g6 {[%emt 0:00:00]} 2. e3 {[%emt 0:00:01]} Bg7 {[%emt 0:00:01]} 3. c4 {[%emt 0:00:01]} d6 {[%emt 0:00:00]} 4. Nc3 {[%emt 0:00:01]} Nf6 {[%emt 0:00:00]} 5. Bd3 {[%emt 0:00:01]} O-O {[%emt 0:00:00]} 6. Qc2 {[%emt 0:00:00]} c5 {[%emt 0:00:01]} 7. d5 {[%emt 0:00:01]} e6 {[%emt 0:00:01]} 8. Nf3 {[%emt 0:00:01]} exd5 {[%emt 0:00:01]} 9. Ng5 {[%emt 0:00:02]} d4 {[%emt 0:00:03]} 10. Nce4 {[%emt 0:00:02]} Nxe4 {[%emt 0:00:02]} 11. Nxe4 {[%emt 0:00:01]} Nc6 {[%emt 0:00:01]} 12. a3 {[%emt 0:00:02]} Bf5 {[%emt 0:00:02]} 13. h4 {[%emt 0:00:01]} h5 {[%emt 0:00:02]} 14. Ng5 {[%emt 0:00:01]} Bxd3 {[%emt 0:00:02]} 15. Qxd3 {[%emt 0:00:01]} Ne5 {[%emt 0:00:00]} 16. Qc2 {[%emt 0:00:06]} Ng4 {[%emt 0:00:03]} 17. Rf1 {[%emt 0:00:04]} Qe7 {[%emt 0:00:03]} 18. Bd2 {[%emt 0:00:02]} dxe3 {[%emt 0:00:01]} 19. fxe3 {[%emt 0:00:04]} Nxe3 {[%emt 0:00:01]} 20. Bxe3 {[%emt 0:00:01]} Qxe3+ {[%emt 0:00:01]} 21. Kd1 {[%emt 0:00:01]} Qd4+ {[%emt 0:00:02]} 22. Kc1 {[%emt 0:00:04]} Rae8 {[%emt 0:00:03]} 23. g4 {[%emt 0:00:07]} Qxg4 {[%emt 0:00:02]} 24. Rg1 {[%emt 0:00:04]} Qxg1+ {[%emt 0:00:02] Trotsky Ñäàåòñÿ (Lag: Av=0.24s, max=0.3s)} 0-1

[Event "Stay Safe Play From Home 284"]
[Site "Emanuel Lasker Arena"]
[Date "2020.07.07"]
[Round "1"]
[White "Aadi3110theking"]
[Black "VotaryRoma"]
[Result "0-1"]
[WhiteElo "1439"]
[BlackElo "2192"]
[Annotator "NA"]
[PlyCount "88"]
[EventDate "2020.07.07"]
[EventType "swiss (blitz)"]

1. Nf3 {[%emt 0:00:02]} Nf6 {[%emt 0:00:02]} 2. c4 {[%emt 0:00:00]} g6 {[%emt 0:00:01]} 3. b3 {[%emt 0:00:00]} c5 {[%emt 0:00:01]} 4. Bb2 {[%emt 0:00:00]} Bg7 {[%emt 0:00:01]} 5. g3 {[%emt 0:00:00]} Nc6 {[%emt 0:00:04]} 6. Bg2 {[%emt 0:00:00]} d6 {[%emt 0:00:02]} 7. O-O {[%emt 0:00:01]} e5 {[%emt 0:00:00]} 8. e3 {[%emt 0:00:00]} O-O {[%emt 0:00:01]} 9. d3 {[%emt 0:00:00]} Bg4 {[%emt 0:00:03]} 10. Nbd2 {[%emt 0:00:00]} Qd7 {[%emt 0:00:01]} 11. Qc2 {[%emt 0:00:02]} h5 {[%emt 0:00:01]} 12. Qc3 {[%emt 0:00:01]} Nb4 {[%emt 0:00:01]} 13. a3 {[%emt 0:00:01]} Nc6 {[%emt 0:00:02]} 14. b4 {[%emt 0:00:01]} Ne8 {[%emt 0:00:01]} 15. b5 {[%emt 0:00:01]} Nd8 {[%emt 0:00:02]} 16. Rfe1 {[%emt 0:00:02]} e4 {[%emt 0:00:01]} 17. d4 {[%emt 0:00:02]} exf3 {[%emt 0:00:01]} 18. Nxf3 {[%emt 0:00:01]} Bxf3 {[%emt 0:00:00]} 19. Bxf3 {[%emt 0:00:01]} cxd4 {[%emt 0:00:00]} 20. exd4 {[%emt 0:00:01]} Ne6 {[%emt 0:00:00]} 21. Qd2 {[%emt 0:00:02]} N8c7 {[%emt 0:00:03]} 22. d5 {[%emt 0:00:01]} Nc5 {[%emt 0:00:01]} 23. Bxg7 {[%emt 0:00:01]} Kxg7 {[%emt 0:00:00]} 24. Qd4+ {[%emt 0:00:01]} f6 {[%emt 0:00:00]} 25. Re2 {[%emt 0:00:03]} Rae8 {[%emt 0:00:00]} 26. Rae1 {[%emt 0:00:01]} Rxe2 {[%emt 0:00:01]} 27. Rxe2 {[%emt 0:00:00]} Re8 {[%emt 0:00:00]} 28. Qd2 {[%emt 0:00:01]} Rxe2 {[%emt 0:00:01]} 29. Qxe2 {[%emt 0:00:01]} Qe8 {[%emt 0:00:00]} 30. Qd1 {[%emt 0:00:02]} Qe5 {[%emt 0:00:00]} 31. Kg2 {[%emt 0:00:03]} g5 {[%emt 0:00:00]} 32. a4 {[%emt 0:00:01]} f5 {[%emt 0:00:00]} 33. Bxh5 {[%emt 0:00:02]} g4 {[%emt 0:00:00]} 34. h3 {[%emt 0:00:02]} Kh6 {[%emt 0:00:00]} 35. hxg4 {[%emt 0:00:02]} Qe4+ {[%emt 0:00:00]} 36. f3 {[%emt 0:00:03]} Qxc4 {[%emt 0:00:01]} 37. Qd2+ {[%emt 0:00:10]} f4 {[%emt 0:00:01]} 38. gxf4 {[%emt 0:00:04]} Nxd5 {[%emt 0:00:02]} 39. f5+ {[%emt 0:00:00]} Nf4+ {[%emt 0:00:03]} 40. Kg3 {[%emt 0:00:02]} Ncd3 {[%emt 0:00:00]} 41. Qxf4+ {[%emt 0:00:01]} Qxf4+ {[%emt 0:00:00]} 42. Kh3 {[%emt 0:00:00]} Ne5 {[%emt 0:00:02]} 43. Kg2 {[%emt 0:00:00]} Qxf3+ {[%emt 0:00:01]} 44. Kg1 {[%emt 0:00:00]} Kg5 {[%emt 0:00:01] Time (Lag: Av=1.05s, max=1.8s)} 0-1

[Event "Stay Safe Play From Home 284"]
[Site "Emanuel Lasker Arena"]
[Date "2020.07.07"]
[Round "1"]
[White "Klasman"]
[Black "Jhhonnyy"]
[Result "0-1"]
[WhiteElo "1427"]
[BlackElo "2310"]
[PlyCount "32"]
[EventDate "2020.07.07"]
[EventType "swiss (blitz)"]

1. f4 {[%emt 0:00:03]} g6 {[%emt 0:00:02]} 2. e4 {[%emt 0:00:01]} Bg7 {[%emt 0:00:00]} 3. d4 {[%emt 0:00:01]} d6 {[%emt 0:00:00]} 4. c4 {[%emt 0:00:01]} Nh6 {[%emt 0:00:00]} 5. h3 {[%emt 0:00:02]} O-O {[%emt 0:00:01]} 6. Nf3 {[%emt 0:00:01]} c5 {[%emt 0:00:00]} 7. d5 {[%emt 0:00:03]} e6 {[%emt 0:00:01]} 8. Nc3 {[%emt 0:00:02]} exd5 {[%emt 0:00:00]} 9. cxd5 {[%emt 0:00:02]} Re8 {[%emt 0:00:00]} 10. Bd3 {[%emt 0:00:01]} Nf5 {[%emt 0:00:01]} 11. Kf2 {[%emt 0:00:07]} Nd4 {[%emt 0:00:02]} 12. Be3 {[%emt 0:00:07]} Na6 {[%emt 0:00:03]} 13. a3 {[%emt 0:00:03]} Nc7 {[%emt 0:00:01]} 14. Bxd4 {[%emt 0:00:05]} cxd4 {[%emt 0:00:01]} 15. Ne2 {[%emt 0:00:07]} f5 {[%emt 0:00:09]} 16. exf5 {[%emt 0:00:09]} Nxd5 {[%emt 0:00:01] Time (Lag: Av=0.34s, max=0.4s)} 0-1